Luật luật sư năm 2006 : Sửa đổi, bổ sung năm 2012
Luật này bao gồm 9 chương và 94 điều. Luật luật sư quy định về nguyên tắc, điều kiện, phạm vi, hình thức hành nghề, tiêu chuẩn, quyền, nghĩa vụ của luật sư, tổ chức hành nghề luật sư, tổ chức xã hội-nghề nghiệp của luật sư, quản ly...
שמור ב:
| Nhiều tác giả của công ty: | , |
|---|---|
| פורמט: | ספר |
| שפה: | Undetermined |
| יצא לאור: |
Hà Nội
Chính trị Quốc gia
2013
|
| נושאים: | |
| תגים: |
הוספת תג
אין תגיות, היה/י הראשונ/ה לתייג את הרשומה!
|
| Thư viện lưu trữ: | Trung tâm Học liệu Trường Đại học Cần Thơ |
|---|
| LEADER | 01302nam a2200241Ia 4500 | ||
|---|---|---|---|
| 001 | CTU_181242 | ||
| 008 | 210402s9999 xx 000 0 und d | ||
| 020 | |c 30000 | ||
| 082 | |a 347.597 | ||
| 082 | |b V308 | ||
| 110 | |a Việt Nam (Cộng hoà xã hội chủ nghĩa | ||
| 110 | |b Quốc hội | ||
| 245 | 0 | |a Luật luật sư năm 2006 : | |
| 245 | 0 | |b Sửa đổi, bổ sung năm 2012 | |
| 245 | 0 | |c Việt Nam (Cộng hoà xã hội chủ nghĩa). Quốc hội | |
| 260 | |a Hà Nội | ||
| 260 | |b Chính trị Quốc gia | ||
| 260 | |c 2013 | ||
| 520 | |a Luật này bao gồm 9 chương và 94 điều. Luật luật sư quy định về nguyên tắc, điều kiện, phạm vi, hình thức hành nghề, tiêu chuẩn, quyền, nghĩa vụ của luật sư, tổ chức hành nghề luật sư, tổ chức xã hội-nghề nghiệp của luật sư, quản lý hành nghề luật sư, hành nghề của tổ chức hành nghề luật sư nước ngoài, luật sư nước ngoài tại Việt Nam. | ||
| 650 | |a Lawyers,Luật sư | ||
| 650 | |z Vietnam | ||
| 904 | |i Linh,Hải | ||
| 980 | |a Trung tâm Học liệu Trường Đại học Cần Thơ | ||